| 000 | 00661cam a2200157 4500500 | ||
|---|---|---|---|
| 005 | 20260201111845.0 | ||
| 041 | _afre | ||
| 042 | _adc | ||
| 100 | 1 | 0 |
_aHeriard Dubreuil, Bertrand _eauthor |
| 245 | 0 | 0 | _aGérard Mauger, L’émeute de novembre 2005, une révolte protopolitique, Ed. du Croquant, 2006, 158 p., 13€50 |
| 260 | _c2007. | ||
| 500 | _a25 | ||
| 520 | _aResumé Rapport sur l’économie du changement climatique www.hm-treasury.gov.uk, et Cambridge University press | ||
| 786 | 0 | _nRevue Projet | 297 | 2 | 2007-05-02 | p. 93i-93i | 0033-0884 | |
| 856 | 4 | 1 | _uhttps://shs.cairn.info/revue-projet-2007-2-page-93i?lang=fr&redirect-ssocas=7080 |
| 999 |
_c1641476 _d1641476 |
||